奮起飛揚在人間

資料類型: Book 圖書   書目號:5928

Leader xxxxxxxxxx
001 __ PCLIS00005928
005 __ 20220414142652.0
010 __ |a9789574575954|b|d
101 __ |achi
200 __ |a奮起飛揚在人間|e|f釋慧傳著
205 __ |a
210 __ |a高雄市|c佛光文化事業|d2021
215 __ |a|c彩圖|d22
225 __ |a|v
300 __ |a
681 __ |a225.87 
700 __ |a|b慧傳|4702 __ |a|b|4
801 _0 |atw|b內湖高中|c20010622
  
  
  
詳細館藏 1-2 筆 (共 2 筆)
索 書 號登 錄 號冊次號館別 / 館藏地流通類型狀態加入預約清單電子資源
225.87 / 2652 2021007 V.1 圖書館 / 二樓普通區 可外借30天 在館   
225.87 / 2652 2021008 V.2 圖書館 / 二樓普通區 可外借30天 在館   

| 條列資料




目錄查詢 分類查詢 個人資料 圖書薦購 新書查詢 閉館日 排行榜 更多電子資源 Hami書城 線上資料庫 登出

From : 216.73.216.23

  本日流通累計至 13:23:04 借閱 : 8 次 續借 : 0 次 歸還 : 1 次 預約 : 0 次 電子資源 : 0 次


內湖高中圖書館  PCLIS 版本  25.5.0.2